Supply targets and credit turmoil (Record no. 80390)
[ view plain ]
| 000 -LEADER | |
|---|---|
| fixed length control field | 01061cab a22001935a 4500 |
| 001 - CONTROL NUMBER | |
| control field | L144211 |
| 008 - FIXED-LENGTH DATA ELEMENTS--GENERAL INFORMATION | |
| fixed length control field | 080703s2008 xxkdo f s 000 0 eng d |
| 035 ## - SYSTEM CONTROL NUMBER | |
| System control number | (Sirsi) u144211 |
| 041 0# - LANGUAGE CODE | |
| Language code of text/sound track or separate title | eng |
| 100 1# - MAIN ENTRY--PERSONAL NAME | |
| Personal name | Barker, Kate |
| 245 00 - TITLE STATEMENT | |
| Title | Supply targets and credit turmoil |
| 260 ## - PUBLICATION, DISTRIBUTION, ETC. | |
| Date of publication, distribution, etc. | 2008 |
| 490 ## - SERIES STATEMENT | |
| Series statement | Town & Country Planning |
| Volume/sequential designation | 77(4) April 2008, 170-172(3) |
| 520 ## - SUMMARY, ETC. | |
| Summary, etc. | Article looks at the Government's long-term housing targets and indicates that they may quickly become unsustainable if house prices continue to fall and new housebuilding falls overall during 2008. Posits that due to sustainability targets and reduced consumer access to credit, the real cost of purchasing a home is not likely to fall significantly, leading to problems for first time buyers. Closes by saying that the targets may be achieved through careful governance and that the drive towards increased housing stocks is still required, despite the current economic downturn. |
| 590 ## - LOCAL NOTE (RLIN) | |
| Local note | KA |
| 651 #4 - SUBJECT ADDED ENTRY--GEOGRAPHIC NAME | |
| Geographic name | United Kingdom |
| Chronological subdivision | |
| 690 ## - LOCAL SUBJECT ADDED ENTRY--TOPICAL TERM (OCLC, RLIN) | |
| Topical term or geographic name as entry element | Residential property |
| 9 (RLIN) | 6266 |
| 942 ## - ADDED ENTRY ELEMENTS (KOHA) | |
| Suppress in OPAC | 0 |
| Withdrawn status | Lost status | Source of classification or shelving scheme | Damaged status | Not for loan | Home library | Current library | Shelving location | Date acquired | Total Checkouts | Full call number | Barcode | Date last seen | Copy number | Price effective from | Koha item type |
|---|---|---|---|---|---|---|---|---|---|---|---|---|---|---|---|
| Dewey Decimal Classification | London | London | Journal article | 03/07/2008 | L144211 | 144211-1001 | 06/08/2019 | 1 | 06/08/2019 | Journal article |